000 00437nam a2200157 i 4500
001 bg
100 1 _aVOLIPERT, Ajzik Isaakovic
245 0 _aAnaliz v klassach razryvnych funkcij i uravnenija matematiceskoj fiziki /
_cA.I. Volipert, S.I.Chudajev.
260 _aMoskva,
_c1975.
700 1 _aCHUDJAEV, Sergej Ivanovic
040 _cBPK
041 _apol
080 _a517
942 _cKS
008 s pl f |000 0 pol
999 _c18171
_d18171
856 _uhttp://koha.tu.koszalin.pl/cgi-bin/koha/opac-detail.pl?biblionumber=18171
_yKatalog online BPK